| 000 | 00494nam a2200181Ia 4500 | ||
|---|---|---|---|
| 001 | 11025 | ||
| 005 | 20260306161915.0 | ||
| 008 | 260306t2022||||xx |||||||||||||| ||spa|| | ||
| 041 | _aESP | ||
| 082 |
_a985.001 _bD15 |
||
| 100 |
_aDager Alva, Joseph, _eAUT |
||
| 245 | 0 |
_aLa visión de los historiadores : _bdesde los orígenes republicanos hasta su proyección actual |
|
| 260 | _c2022 | ||
| 300 |
_a281 páginas : _c21 cm. |
||
| 650 | _aGEN | ||
| 654 | _aCHU | ||
| 942 |
_cLIB _dJUS _fJUS _2ddc _n |
||
| 999 |
_c11025 _d11025 |
||